Miguel el esclavo (Record no. 159633)
[ view plain ]
| 000 -LEADER | |
|---|---|
| campo de control de longitud fija | 01084nam a22002175i 4500 |
| 001 - NÚMERO DE CONTROL | |
| campo de control | 159633 |
| 003 - IDENTIFICADOR DE NÚMERO DE CONTROL | |
| campo de control | ES-MaACL |
| 005 - FECHA Y HORA DE LA ÚLTIMA TRANSACCIÓN | |
| campo de control | 20251012210041.0 |
| 008 - DATOS DE LONGITUD FIJA--INFORMACIÓN GENERAL | |
| campo de control de longitud fija | 010524s1859 sp |||| | spa d |
| 040 ## - FUENTE DE CATALOGACIÓN | |
| Centro catalogador/agencia de origen | CAM |
| Lengua de catalogación | spa |
| Centro/agencia transcriptor | CAM |
| 245 00 - MENCIÓN DEL TÍTULO | |
| Título | Miguel el esclavo |
| Resto del título | : drama en cuatro actos y un prólogo / |
| Mención de responsabilidad, etc. | arreglado del francés por Eugenio de Olavarría y Manuel García Gonzalez. |
| 260 ## - PUBLICACIÓN, DISTRIBUCIÓN, ETC. | |
| Lugar de publicación, distribución, etc. | Madrid : |
| Nombre del editor, distribuidor, etc. | [Círculo Literario Comercial], |
| Fecha de publicación, distribución, etc. | 1859 ( |
| Fabricante | imprenta de C. Gonzalez) |
| 300 ## - DESCRIPCIÓN FÍSICA | |
| Extensión | 85 p. ; |
| Dimensiones | 21 cm. |
| 490 1# - MENCIÓN DE SERIE | |
| Mención de serie | La España Dramática / de Pablo Avecilla ; |
| Designación de volumen o secuencia | 331 |
| 596 #1 - NOTA AL PIE DE IMPRENTA | |
| NOTA AL PIE DE IMPRENTA | Mención de ed. y de serie tomados de la cub. |
| 700 1# - ENTRADA AGREGADA--NOMBRE PERSONAL | |
| Nombre de persona | Olavarría y Huarte, Eugenio de, |
| Fechas asociadas al nombre | 1853-1933 |
| 9 (RLIN) | 130603 |
| 700 1# - ENTRADA AGREGADA--NOMBRE PERSONAL | |
| Nombre de persona | García González, Manuel. |
| 9 (RLIN) | 127208 |
| 830 0# - PUNTO DE ACCESO ADICIONAL DE SERIE-TÍTULO UNIFORME | |
| Título uniforme | La España Dramática / de Pablo Avecilla ; |
| Designación de volumen o secuencia | 331 |
| 9 (RLIN) | 188548 |
| 852 ## - LOCALIZACIÓN | |
| Ubicación | ES-MaACL |
| Número de control de estantería | F-8557(10) |
| Nota libre | -- Enc. pasta española |
| -- | -- An.ms.: ded. de los autores a Francisco Córcoles |
| condición física | -- Falto de la cub. original |
| Nota libre | -- Enc. en un vol. facticio formando parte de la col. "Teatro español moderno" v. 9 |
| Estatus retirado | Estado de pérdida | Estado de daño | No para préstamo | Colección | Biblioteca de origen | Biblioteca actual | Ubicación en estantería | Fecha de adquisición | Total de préstamos | Signatura topográfica completa | Código de barras | Visto por última vez | Precio de reemplazo | Tipo de ítem Koha |
|---|---|---|---|---|---|---|---|---|---|---|---|---|---|---|
| Libros del s. XIX | Biblioteca del Ateneo de Madrid | Biblioteca del Ateneo de Madrid | Sala Pecera Planta 2 | 17/01/2008 | F-8557(10) | 1167118 | 23/02/2023 | 23/02/2023 | Libro impreso antiguo |
